|
|
|
|
| LEADER |
00984nam a2200349 4500 |
| 001 |
DLU050048986 |
| 005 |
##20011115144253.0 |
| 008 |
##010523s2002 maua 001 0 eng |
| 010 |
# |
# |
|a 2001037023
|
| 020 |
# |
# |
|a 0072443316
|
| 040 |
# |
# |
|a DLC
|c DLC
|d DLC
|
| 042 |
# |
# |
|a pcc
|
| 050 |
# |
# |
|a HG4521
|b .C66 2002
|
| 082 |
# |
# |
|a 332.6
|b CO-C
|
| 100 |
# |
# |
|a Corrado, Charles J.
|
| 245 |
# |
# |
|a Fundamentals of investments :
|b valuation and management /
|c Charles J. Corrado, Bradford D. Jordan.
|
| 250 |
# |
# |
|a 2nd ed.
|
| 260 |
# |
# |
|a Boston, Mass. :
|b McGraw-Hill,
|c 2002.
|
| 300 |
# |
# |
|a 1 đĩa CD-ROM 4 3/4 in.
|
| 440 |
# |
# |
|a The Irwin/McGraw-Hill series in finance, insurance, and real estate
|
| 500 |
# |
# |
|a Includes indexes.
|
| 650 |
# |
# |
|a Investments.
|
| 700 |
# |
# |
|a Jordan, Bradford D.
|
| 992 |
# |
# |
|a 37.64
|
| 994 |
# |
# |
|a DLU
|
| 900 |
# |
# |
|a True
|
| 911 |
# |
# |
|a Administrator
|
| 925 |
# |
# |
|a CD
|
| 926 |
# |
# |
|a A
|
| 927 |
# |
# |
|a CD
|
| 980 |
# |
# |
|a Thư viện Trường Đại học Đà Lạt
|